| 000 | 00862nam a2200253Ia 4500 | ||
|---|---|---|---|
| 003 | OSt | ||
| 005 | 20220930091050.0 | ||
| 006 | a|||||r|||| 00| 0 | ||
| 007 | ta | ||
| 008 | 220926b |||||||| |||| 00| 0 eng d | ||
| 024 | _a3442 | ||
| 037 | _cTheses | ||
| 040 |
_aCRL _cCRL _beng |
||
| 041 |
_2eng _aeng |
||
| 100 |
_aBehra Monalisa _9544644 |
||
| 110 |
_aUniversity of Delhi. Faculty of Medical Science. Department of General Medicine _9544645 |
||
| 245 | 0 | _aEvluation of lipoprotein(a) and other lipid parameters in microvascular complications of type 2 diabetes mellitus | |
| 260 | _c2011 | ||
| 650 | _aMEDICINE | ||
| 700 |
_a Bhatnagar M. K. Gu. _9544646 |
||
| 700 |
_aUniversity of Delhi. Faculty of Medical Science. Department of General Medicine _9544647 |
||
| 942 |
_cDIS _2CC |
||
| 999 |
_c881583 _d881583 |
||